Grundriss der Geschichte der Philosophie / (Record no. 147380)
[ view plain ]
| 000 -LEADER | |
|---|---|
| campo de control de longitud fija | 00992nam a2200169 i 4500 |
| 001 - NÚMERO DE CONTROL | |
| campo de control | 147380 |
| 003 - IDENTIFICADOR DE NÚMERO DE CONTROL | |
| campo de control | ES-MaACL |
| 005 - FECHA Y HORA DE LA ÚLTIMA TRANSACCIÓN | |
| campo de control | 20230906201952.0 |
| 007 - CAMPO FIJO DE DESCRIPCIÓN FÍSICA--INFORMACIÓN GENERAL | |
| campo de control de longitud fija | t| |
| 008 - DATOS DE LONGITUD FIJA--INFORMACIÓN GENERAL | |
| campo de control de longitud fija | 070928s1926 gw ||||1| ger d |
| 100 1# - ENTRADA PRINCIPAL--NOMBRE DE PERSONA | |
| Nombre de persona | Ueberweg, Friedrich. |
| 9 (RLIN) | 111871 |
| 245 10 - MENCIÓN DEL TÍTULO | |
| Título | Grundriss der Geschichte der Philosophie / |
| Mención de responsabilidad, etc. | Friedrich Ueberweg. |
| 260 ## - PUBLICACIÓN, DISTRIBUCIÓN, ETC. | |
| Lugar de publicación, distribución, etc. | Berlin : |
| Nombre del editor, distribuidor, etc. | Verlegt Bei E. S. Milther, |
| Fecha de publicación, distribución, etc. | 1926. |
| 300 ## - DESCRIPCIÓN FÍSICA | |
| Extensión | 5 v. ; |
| Dimensiones | 23 cm. |
| 505 8# - NOTA DE CONTENIDO CON FORMATO | |
| Nota de contenido con formato | Contiene: T.I.-- Die philosophie des altertuns. Heransgegeben von Karl Praechter. T.II.-- Die Patristische und scholastische philosophie herausgegeben von Bernhard Geyer. T.III.-- Die philosophie der Henzeit bio zumende des XVIII Jahrhunderts Wollig nenbearbeitet von Mase Frischeisen Kohler Und Willy Snoog. T.IV.-- Die Deutsche philosophie des XIX jahrbunderts und der gegenvart vollig neuhearfeite von Jrangolt Kaustantin Oesterreich. T.V.-- Die Philosophie des auslandes herangegeben von Trangolbt Konstantin O es Ferreich |
| 852 ## - LOCALIZACIÓN | |
| Ubicación | ES-MaACL |
| Número de control de estantería | A-189-93 |
| Estatus retirado | Estado de pérdida | Estado de daño | No para préstamo | Biblioteca de origen | Biblioteca actual | Ubicación en estantería | Fecha de adquisición | Fuente de adquisición | Total de préstamos | Signatura topográfica completa | Código de barras | Visto por última vez | Precio de reemplazo | Tipo de ítem Koha |
|---|---|---|---|---|---|---|---|---|---|---|---|---|---|---|
| Biblioteca del Ateneo de Madrid | Biblioteca del Ateneo de Madrid | Sala Pecera Planta 1 | 17/01/2008 | A-189-93 | 1153800 | 23/02/2023 | 23/02/2023 | Libro impreso |
